<?xml version="1.0" encoding="UTF-8"?>
<collection xmlns="http://www.loc.gov/MARC21/slim">
 <record>
  <leader>01332nam a2200217 a 4500</leader>
  <controlfield tag="001">1/45586</controlfield>
  <controlfield tag="008">141104s1994    gr       b    000 0 gre  </controlfield>
  <datafield tag="020" ind1=" " ind2=" ">
   <subfield code="a">9602206780</subfield>
  </datafield>
  <datafield tag="035" ind1=" " ind2=" ">
   <subfield code="l">48550</subfield>
  </datafield>
  <datafield tag="040" ind1=" " ind2=" ">
   <subfield code="a">GR-PeUP</subfield>
  </datafield>
  <datafield tag="082" ind1="0" ind2="0">
   <subfield code="a">657.42 ΒΑΝ</subfield>
  </datafield>
  <datafield tag="100" ind1="1" ind2=" ">
   <subfield code="a">Βανάκας, Απόστολος Κ.</subfield>
  </datafield>
  <datafield tag="245" ind1="1" ind2="0">
   <subfield code="a">Θεωρητική και εφαρμοσμένη λογιστική κόστους ΙΙ :</subfield>
   <subfield code="b">βοήθημα απαραίτητο για διοικητικά στελέχη επιχειρήσεων και σπουδαστές τριτοβάθμιας εκπαίδευσης /</subfield>
   <subfield code="c">Αποστόλου Κ. Βάνακα.</subfield>
  </datafield>
  <datafield tag="260" ind1=" " ind2=" ">
   <subfield code="a">Αθήνα :</subfield>
   <subfield code="b">[χ.ό.],</subfield>
   <subfield code="c">1994.</subfield>
  </datafield>
  <datafield tag="300" ind1=" " ind2=" ">
   <subfield code="a">476 σ. :</subfield>
   <subfield code="b">πίν., διαγρ. ;</subfield>
   <subfield code="c">24 εκ.</subfield>
  </datafield>
  <datafield tag="500" ind1=" " ind2=" ">
   <subfield code="a">Περιεχόμενα: Πρότυπο κόστος σε συνδυασμό με το Ε.Γ.Λ.Σ. - Ανάλυση της ομάδας 9 του Ε.Γ.Λ.Σ. - Προυπολογισμοί επιχειρήσεων - Νεκρό σημείο ισορροπίας.</subfield>
  </datafield>
  <datafield tag="504" ind1=" " ind2=" ">
   <subfield code="a">Περιέχει βιβλιογραφία.</subfield>
  </datafield>
  <datafield tag="650" ind1=" " ind2="4">
   <subfield code="a">Λογιστική του κόστους.</subfield>
  </datafield>
  <datafield tag="650" ind1=" " ind2="4">
   <subfield code="a">Κοστολόγηση.</subfield>
  </datafield>
  <datafield tag="650" ind1=" " ind2="4">
   <subfield code="a">Cost accounting.</subfield>
  </datafield>
  <datafield tag="852" ind1=" " ind2=" ">
   <subfield code="a">INST</subfield>
   <subfield code="b">UNIPILB</subfield>
   <subfield code="c">MAIN</subfield>
   <subfield code="e">20141104</subfield>
   <subfield code="h">657.42 ΒΑΝ</subfield>
   <subfield code="p">00169220</subfield>
   <subfield code="q">00169220</subfield>
   <subfield code="t">LOAN</subfield>
   <subfield code="y">4</subfield>
   <subfield code="x">20201125</subfield>
   <subfield code="4">1</subfield>
  </datafield>
 </record>
</collection>
